MARC details
| 000 -LEADER |
| fixed length control field |
01648cam a2200361 i 4500 |
| 001 - CONTROL NUMBER |
| control field |
731925496 |
| 003 - CONTROL NUMBER IDENTIFIER |
| control field |
OCoLC |
| 005 - DATE AND TIME OF LATEST TRANSACTION |
| control field |
20241126110727.0 |
| 008 - FIXED-LENGTH DATA ELEMENTS--GENERAL INFORMATION |
| fixed length control field |
110822s2011 ilu b 000 0 eng |
| 010 ## - |
| -- |
2011033468 |
| 020 ## - INTERNATIONAL STANDARD BOOK NUMBER |
| International Standard Book Number |
9780830837977 (pbk. : alk. paper) |
| 020 ## - INTERNATIONAL STANDARD BOOK NUMBER |
| International Standard Book Number |
0830837973 (pbk. : alk. paper) |
| 035 ## - SYSTEM CONTROL NUMBER |
| System control number |
(OCoLC)731925496 |
| 040 ## - CATALOGING SOURCE |
| Original cataloging agency |
DLC |
| Language of cataloging |
eng |
| Description conventions |
rda |
| Transcribing agency |
DLC |
| Modifying agency |
YDX |
| -- |
BTCTA |
| -- |
YDXCP |
| -- |
BWX |
| -- |
CDX |
| 042 ## - |
| -- |
pcc |
| 050 00 - |
| -- |
BT1103 |
| -- |
.S39 2011 |
| 082 00 - DEWEY DECIMAL CLASSIFICATION NUMBER |
| Classification number |
239 |
| Edition information |
23 |
| Item number |
SCO |
| 100 1# - MAIN ENTRY--PERSONAL NAME |
| Personal name |
Scott, Robert, |
| Dates associated with a name |
1974- |
| Authority record control number or standard number |
https://id.loc.gov/authorities/names/n2011057721 |
| 9 (RLIN) |
17667 |
| 245 10 - TITLE STATEMENT |
| Title |
Questions Muslims ask : |
| Remainder of title |
what Christians actually do (and don't) believe / |
| Statement of responsibility, etc. |
Robert Scott. |
| 264 #1 - PRODUCTION, PUBLICATION, DISTRIBUTION, MANUFACTURE, AND COPYRIGHT NOTICE |
| Place of production, publication, distribution, manufacture |
Downers Grove, Ill. : |
| Name of producer, publisher, distributor, manufacturer |
IVP Books ; |
| Place of production, publication, distribution, manufacture |
[Grand Rapids, Michigan] : |
| Name of producer, publisher, distributor, manufacturer |
Distributed ... by Zondervan Pub. House, |
| Date of production, publication, distribution, manufacture, or copyright notice |
[2011] |
| 264 #4 - PRODUCTION, PUBLICATION, DISTRIBUTION, MANUFACTURE, AND COPYRIGHT NOTICE |
| Date of production, publication, distribution, manufacture, or copyright notice |
℗♭2011 |
| 300 ## - PHYSICAL DESCRIPTION |
| Extent |
162 pages ; |
| Dimensions |
21 cm |
| 336 ## - CONTENT TYPE |
| Content type term |
text |
| Content type code |
txt |
| Source |
rdacontent |
| 337 ## - MEDIA TYPE |
| Media type term |
unmediated |
| Media type code |
n |
| Source |
rdamedia |
| 338 ## - CARRIER TYPE |
| Carrier type term |
volume |
| Carrier type code |
nc |
| Source |
rdacarrier |
| 504 ## - BIBLIOGRAPHY, ETC. NOTE |
| Bibliography, etc. note |
Includes bibliographical references. |
| 650 #0 - SUBJECT ADDED ENTRY--TOPICAL TERM |
| Topical term or geographic name entry element |
Apologetics |
| Authority record control number or standard number |
https://id.loc.gov/authorities/subjects/sh85006028 |
| Form subdivision |
Miscellanea. |
| Authority record control number or standard number |
https://id.loc.gov/authorities/subjects/sh99001794 |
| 9 (RLIN) |
8680 |
| 650 #0 - SUBJECT ADDED ENTRY--TOPICAL TERM |
| Topical term or geographic name entry element |
Missions to Muslims. |
| Authority record control number or standard number |
https://id.loc.gov/authorities/subjects/sh85086165 |
| 9 (RLIN) |
3274 |
| 650 #0 - SUBJECT ADDED ENTRY--TOPICAL TERM |
| Topical term or geographic name entry element |
Christianity and other religions |
| General subdivision |
Islam. |
| Authority record control number or standard number |
https://id.loc.gov/authorities/subjects/sh85025266 |
| 9 (RLIN) |
1068 |
| 650 #0 - SUBJECT ADDED ENTRY--TOPICAL TERM |
| Topical term or geographic name entry element |
Islam |
| General subdivision |
Relations |
| -- |
Christianity. |
| Authority record control number or standard number |
https://id.loc.gov/authorities/subjects/sh85068406 |
| 9 (RLIN) |
1067 |
| 655 #7 - INDEX TERM--GENRE/FORM |
| Genre/form data or focus term |
Trivia and miscellanea. |
| Source of term |
lcgft |
| Authority record control number or standard number |
https://id.loc.gov/authorities/genreForms/gf2014026201 |
| 9 (RLIN) |
15567 |
| 942 ## - ADDED ENTRY ELEMENTS (KOHA) |
| Source of classification or shelving scheme |
Dewey Decimal Classification |
| Koha item type |
Books |
| Koha issues (borrowed), all copies |
3 |